000 00523nam a22002177a 4500
003 UA-OsUOA
001 55758
007 ta
008 20080919b un ||||| |||| 00| 0 ukr d
100 _aРуденко В.
090 _a330
_bР83
942 _cSA
040 _aUA-OsUOA
_bukr
_cUA-OsUOA
_dUA-OsUOA
245 _aВільнпй стиль/валютний курс
300 _aС.20-21
955 _a0
041 _aukr
080 _a330
773 0 _w55757
650 7 _a330 Економіка взагалі
_2UDC
999 _c341837
_d341837